[Event "SRB-chT 1st League CS"]
[Site "Banja Vrujci"]
[Date "2022.10.09"]
[Round "11.4"]
[White "Spasojevic, Zoran M"]
[Black "Colovic, Dusan"]
[Result "0-1"]
[WhiteElo "2133"]
[BlackElo "2273"]
[PlyCount "124"]
[EventDate "2022.10.01"]
[EventType "team-tourn"]
[EventRounds "11"]
[EventCountry "SRB"]
[SourceTitle "CBM 210 Extra"]
[Source "ChessBase"]
[SourceDate "2022.11.30"]
[SourceVersion "1"]
[SourceVersionDate "2022.11.30"]
[SourceQuality "1"]
[WhiteTeam "Jagodina Kablovi"]
[BlackTeam "Gornji Milanovac Metalac"]
[WhiteTeamCountry "SRB"]
[BlackTeamCountry "SRB"]

1. c4 d6 2. Nc3 e5 3. Nf3 f5 4. d3 Nf6 5. e3 Be7 6. Be2 0-0 7. Qc2 Na6 8. a3 Nc5 9. b4 Ne6 10. Nd5 Nxd5 11. cxd5 Ng5 12. Bb2 Bd7 13. Rc1 Rc8 14. Nd2 Qe8 15. f4 exf4 16. exf4 Nf7 17. 0-0 Ba4 18. Qb1 Nh6 19. Bf3 Bh4 20. g3 Bf6 21. Rfe1 Qf7 22. Nc4 Bb5 23. Qa1 Bxb2 24. Qxb2 Ng4 25. Qd4 b6 26. Ne3 Nxe3 27. Rxe3 Rfe8 28. Rce1 Rxe3 29. Rxe3 Re8 30. Kf2 Kf8 31. h3 Ba6 32. g4 Rxe3 33. Qxe3 Bb7 34. Qd4 fxg4 35. hxg4 Qe7 36. g5 Qd7 37. Qc3 Qf7 38. Qd4 Bc8 39. Kg3 Qf5 40. Qc3 Qh3+ 41. Kf2 Qh2+ 42. Ke3 Qg1+ 43. Ke2 Bh3 44. Qe1 Qd4 45. Qh1 Bf5 46. Be4 Bg4+ 47. Kd2 Qb2+ 48. Ke3 Qe2+ 49. Kd4 Qf2+ 50. Kc3 Qxf4 51. Qxh7 Qxg5 52. Qh8+ Ke7 53. Qb8 Qc1+ 54. Kd4 Qxa3 55. Qxc7+ Bd7 56. Ke3 Qxb4 57. Qxa7 Qe1+ 58. Kf3 Qf1+ 59. Kg3 Qg1+ 60. Bg2 g5 61. Qb8 g4 62. Qh8 Qe1+ 0-1

[Event "Paracin Amateur op"]
[Site "Paracin"]
[Date "2020.02.05"]
[Round "8"]
[White "Spasojevic, Zoran M"]
[Black "Radisavljevic, Dalibor"]
[Result "0-1"]
[WhiteElo "2180"]
[BlackElo "2162"]
[PlyCount "60"]
[EventDate "2020.01.31"]
[EventType "swiss"]
[EventRounds "9"]
[EventCountry "SRB"]
[SourceTitle "CBM 194 Extra"]
[Source "ChessBase"]
[SourceDate "2020.03.31"]
[SourceVersion "1"]
[SourceVersionDate "2020.03.31"]
[SourceQuality "1"]

1. c4 Nf6 2. Nc3 g6 3. Nf3 Bg7 4. e3 0-0 5. Be2 d6 6. 0-0 Nbd7 7. a3 c5 8. Qc2 b6 9. d4 Bb7 10. d5 Ne8 11. b3 Nc7 12. Bb2 b5 13. h4 bxc4 14. Bxc4 Nb6 15. h5 Bxd5 16. Nxd5 Ncxd5 17. hxg6 hxg6 18. Bxd5 Nxd5 19. Bxg7 Kxg7 20. b4 cxb4 21. axb4 Qb6 22. Qb2+ Kg8 23. b5 Rfb8 24. Rfb1 a6 25. Qd4 Qxd4 26. exd4 Nc3 27. Rb3 Nxb5 28. d5 Nc7 29. Rba3 Rb5 30. Ra5 Rxd5 0-1

[Event "Paracin Amateur op"]
[Site "Paracin"]
[Date "2020.02.02"]
[Round "4"]
[White "Spasojevic, Zoran M"]
[Black "Dimitrijevic, Andjela"]
[Result "1/2-1/2"]
[WhiteElo "2180"]
[BlackElo "1803"]
[PlyCount "96"]
[EventDate "2020.01.31"]
[EventType "swiss"]
[EventRounds "9"]
[EventCountry "SRB"]
[SourceTitle "CBM 194 Extra"]
[Source "ChessBase"]
[SourceDate "2020.03.31"]
[SourceVersion "1"]
[SourceVersionDate "2020.03.31"]
[SourceQuality "1"]

1. c4 Nf6 2. Nc3 d6 3. d4 Nbd7 4. g3 e5 5. Bg2 Be7 6. Nf3 c6 7. 0-0 0-0 8. e4 a6 9. a4 a5 10. h3 Re8 11. Be3 exd4 12. Nxd4 Nc5 13. Qc2 Bf8 14. Rfe1 g6 15. Rad1 Qb6 16. Kh2 Bd7 17. g4 Rad8 18. f3 Bc8 19. Bf1 h6 20. Bf4 Bg7 21. Nde2 Bf8 22. Bg3 Na6 23. Nc1 Nb4 24. Qf2 Qxf2+ 25. Bxf2 Nd7 26. Nd3 Nxd3 27. Bxd3 Nc5 28. Bc2 Be6 29. b3 Bg7 30. Bd4 Be5+ 31. Kg2 Rd7 32. Ne2 g5 33. Bf2 Red8 34. h4 f6 35. Nd4 Bxd4 36. Bxd4 Kf7 37. Kg3 b6 38. Be3 d5 39. Bxc5 bxc5 40. exd5 cxd5 41. Rxe6 Kxe6 42. Bf5+ Ke5 43. Bxd7 Rxd7 44. f4+ gxf4+ 45. Kf3 d4 46. Re1+ Kd6 47. Kxf4 Re7 48. Rf1 Re5 1/2-1/2

[Event "SRB-chT 2nd League East"]
[Site "Knic"]
[Date "2019.09.07"]
[Round "3.5"]
[White "Spasojevic, Zoran M"]
[Black "Simic, Petar S"]
[Result "1-0"]
[WhiteElo "2168"]
[BlackElo "2097"]
[PlyCount "80"]
[EventDate "2019.09.06"]
[EventType "team-tourn"]
[EventRounds "11"]
[EventCountry "SRB"]
[SourceTitle "EXT 2020"]
[Source "ChessBase"]
[SourceDate "2019.10.17"]
[SourceVersion "1"]
[SourceVersionDate "2019.10.17"]
[SourceQuality "1"]
[WhiteTeam "Jagodina Kablovi"]
[BlackTeam "Majdanpek"]
[WhiteTeamCountry "SRB"]
[BlackTeamCountry "SRB"]

1. c4 Nf6 2. Nc3 g6 3. Nf3 Bg7 4. e4 d6 5. d4 0-0 6. h3 e5 7. dxe5 dxe5 8. Qxd8 Rxd8 9. Bg5 c6 10. Be2 h6 11. Be3 Nbd7 12. 0-0-0 Re8 13. Rd2 Bf8 14. Bd3 b6 15. a3 Kg7 16. Bc2 Bc5 17. Bxc5 Nxc5 18. b4 Ncd7 19. Rhd1 Ng8 20. Rd6 Bb7 21. Kb2 Rac8 22. g3 Re7 23. R1d2 Nf8 24. R6d3 f6 25. Bb3 Ne6 26. c5 Nf8 27. cxb6 axb6 28. Na4 b5 29. Nc5 Rcc7 30. Nh4 Bc8 31. g4 Ne6 32. Bxe6 Bxe6 33. Nxe6+ Rxe6 34. Ng2 Kf7 35. Ne3 Ke7 36. h4 h5 37. Rd8 Kf7 38. Kb3 Re8 39. R2d3 Ne7 40. gxh5 Nd5 1-0

[Event "SRB-chT2 East"]
[Site "Serbia"]
[Date "2018.09.08"]
[Round "3.32"]
[White "Spasojevic, Zoran M"]
[Black "Jovanovic, Dusan D"]
[Result "0-1"]
[WhiteElo "2201"]
[BlackElo "2401"]
[PlyCount "110"]
[EventDate "2018.09.07"]
[EventType "team-tourn"]
[EventRounds "11"]
[EventCountry "SRB"]
[SourceTitle "EXT 2021"]
[Source "ChessBase"]
[SourceDate "2020.10.23"]
[SourceVersion "1"]
[SourceVersionDate "2020.10.23"]
[SourceQuality "1"]
[WhiteTeam "Jagodina Kablovi"]
[BlackTeam "Kostolac Rudar"]
[WhiteTeamCountry "SRB"]
[BlackTeamCountry "SRB"]

1. c4 e6 2. Nf3 Nf6 3. e3 b6 4. Be2 Bb7 5. 0-0 c5 6. d4 Be7 7. Nc3 cxd4 8. exd4 d6 9. Bf4 0-0 10. Rc1 a6 11. Re1 Nbd7 12. Bd3 Re8 13. Qe2 Bf8 14. Ne4 Nxe4 15. Bxe4 Bxe4 16. Qxe4 Nf6 17. Qd3 Qc8 18. Bg5 Nd7 19. Bd2 Qb7 20. b4 Rac8 21. Qb3 h6 22. Be3 e5 23. Red1 Nf6 24. dxe5 dxe5 25. c5 bxc5 26. bxc5 Qa8 27. Rc4 e4 28. Nd2 Red8 29. Rb1 Bxc5 30. Nf1 Bxe3 31. Nxe3 Rb8 32. Qc2 Rxb1+ 33. Qxb1 Rb8 34. Qc2 Qb7 35. h3 Qb1+ 36. Kh2 Qxc2 37. Rxc2 Rb4 38. g4 Ra4 39. h4 g6 40. Kg3 Kg7 41. Kf4 Nd7 42. g5 hxg5+ 43. hxg5 Nf8 44. Nc4 Ne6+ 45. Kxe4 Nxg5+ 46. Kd5 Ne6 47. a3 Nc7+ 48. Kc5 Nb5 49. Ra2 Kf6 50. Ra1 Kf5 51. Ra2 Kf4 52. Ra1 g5 53. Ra2 g4 54. Rd2 Nxa3 55. Rd4+ Kg5 0-1

[Event "Paracin Winter op"]
[Site "Paracin"]
[Date "2018.02.03"]
[Round "6"]
[White "Spasojevic, Zoran M"]
[Black "Tosic, Dragoljub"]
[Result "1-0"]
[WhiteElo "2217"]
[BlackElo "1822"]
[PlyCount "97"]
[EventDate "2018.01.30"]
[EventType "swiss"]
[EventRounds "9"]
[EventCountry "SRB"]
[SourceTitle "CBM 182 Extra"]
[Source "ChessBase"]
[SourceDate "2018.02.23"]
[SourceVersion "1"]
[SourceVersionDate "2018.02.23"]
[SourceQuality "1"]

1. c4 Nf6 2. g3 g6 3. Bg2 Bg7 4. Nc3 0-0 5. Nf3 c5 6. d4 cxd4 7. Nxd4 Nc6 8. 0-0 a6 9. h3 Nxd4 10. Qxd4 d6 11. Qd3 Bf5 12. e4 Bd7 13. Be3 Rc8 14. Rac1 Qc7 15. b3 Rfd8 16. Qd2 Qb8 17. g4 Bc6 18. Bb6 Re8 19. Bd4 b5 20. Nd5 Bxd5 21. cxd5 Rxc1 22. Rxc1 Rc8 23. Rc6 Rxc6 24. dxc6 Qc7 25. e5 Ne8 26. exd6 Qxd6 27. Be3 Qxd2 28. Bxd2 Be5 29. Bf1 Bc7 30. Kg2 Kf8 31. Bh6+ Kg8 32. a4 bxa4 33. bxa4 a5 34. Kf3 Nd6 35. Bf4 Kf8 36. Bd3 e6 37. h4 e5 38. Be3 f5 39. Bc2 e4+ 40. Kg3 Nc4+ 41. Bf4 Ne5 42. gxf5 gxf5 43. f3 exf3 44. Bxf5 f2 45. Bh6+ Kf7 46. Kxf2 Nxc6 47. Bxh7 Ne5 48. Ke2 Ng6 49. Bg5 1-0

[Event "SRB-chT2 East"]
[Site "Serbia"]
[Date "2017.09.08"]
[Round "1.6"]
[White "Spasojevic, Zoran M"]
[Black "Zivkovic, Nemanja"]
[Result "0-1"]
[WhiteElo "2226"]
[BlackElo "2282"]
[PlyCount "110"]
[EventDate "2017.09.08"]
[EventType "team-tourn"]
[EventRounds "11"]
[EventCountry "SRB"]
[SourceTitle "EXT 2022"]
[Source "ChessBase"]
[SourceDate "2021.10.06"]
[SourceVersion "1"]
[SourceVersionDate "2021.10.06"]
[SourceQuality "1"]

1. c4 Nf6 2. Nc3 c5 3. Nf3 b6 4. e3 e6 5. Be2 Bb7 6. 0-0 Be7 7. d4 cxd4 8. exd4 d5 9. cxd5 Nxd5 10. Bb5+ Bc6 11. Qa4 Bxb5 12. Qxb5+ Qd7 13. Nxd5 exd5 14. Qxd7+ Kxd7 15. Ne5+ Ke8 16. Re1 f6 17. Nd3 Kf7 18. Be3 Nc6 19. Rac1 Rac8 20. Nf4 Bb4 21. Red1 Rhd8 22. h4 Ne7 23. g4 Bd6 24. h5 Bxf4 25. Bxf4 Rc4 26. b3 Rc6 27. Kf1 Rdc8 28. Ke2 Rc2+ 29. Rxc2 Rxc2+ 30. Rd2 Rc1 31. Rd1 Rxd1 32. Kxd1 f5 33. f3 g6 34. hxg6+ Kxg6 35. Ke2 fxg4 36. fxg4 h5 37. Bd6 Nc6 38. gxh5+ Kxh5 39. Ke3 Kg4 40. b4 b5 41. a3 a6 42. Bc5 Nd8 43. Bd6 Ne6 44. Be5 Ng5 45. Bc7 Ne4 46. Kd3 Kf3 47. Be5 Nf2+ 48. Kc3 Ke3 49. Bg7 Nd1+ 50. Kc2 Ke2 51. Bh6 Ne3+ 52. Kc3 Nc4 53. Kb3 Kd3 54. Bg7 Nd2+ 55. Kb2 Nf3 0-1

[Event "Paracin-ch"]
[Site "Paracin"]
[Date "2017.02.04"]
[Round "7"]
[White "Spasojevic, Zoran M"]
[Black "Vujcic, Milena"]
[Result "1-0"]
[WhiteElo "2249"]
[BlackElo "1850"]
[PlyCount "55"]
[EventDate "2017.01.31"]
[EventType "swiss"]
[EventRounds "9"]
[EventCountry "SRB"]
[SourceTitle "CBM 176 Extra"]
[Source "ChessBase"]
[SourceDate "2017.03.02"]
[SourceVersion "1"]
[SourceVersionDate "2017.03.02"]
[SourceQuality "1"]

1. e4 e5 2. Nf3 Nc6 3. Bc4 Bc5 4. c3 Nf6 5. d3 d6 6. b4 Bb6 7. 0-0 0-0 8. Qb3 h6 9. a4 a6 10. a5 Ba7 11. Nbd2 Ne7 12. d4 Ng6 13. Ba3 c6 14. Rad1 exd4 15. Nxd4 Bxd4 16. cxd4 d5 17. exd5 cxd5 18. Bd3 Nf4 19. b5 Re8 20. b6 Bd7 21. Rfe1 Ng4 22. Nf3 Qf6 23. h3 Ne3 24. Rxe3 Rxe3 25. fxe3 Nxh3+ 26. Kh2 Ng5 27. Nxg5 Qxg5 28. Bd6 1-0

[Event "Paracin-ch"]
[Site "Paracin"]
[Date "2017.02.02"]
[Round "4"]
[White "Jankovic, Uros"]
[Black "Spasojevic, Zoran M"]
[Result "1/2-1/2"]
[WhiteElo "1901"]
[BlackElo "2249"]
[PlyCount "99"]
[EventDate "2017.01.31"]
[EventType "swiss"]
[EventRounds "9"]
[EventCountry "SRB"]
[SourceTitle "CBM 176 Extra"]
[Source "ChessBase"]
[SourceDate "2017.03.02"]
[SourceVersion "1"]
[SourceVersionDate "2017.03.02"]
[SourceQuality "1"]

1. d4 Nf6 2. Bf4 d5 3. Nf3 e6 4. e3 Nbd7 5. Bd3 c5 6. c3 Be7 7. Ne5 0-0 8. Nd2 Nxe5 9. Bxe5 Nd7 10. Bf4 b6 11. h4 a5 12. Bg5 f5 13. Bxe7 Qxe7 14. Bb5 Nf6 15. Nf3 Bd7 16. Qa4 Qe8 17. Bxd7 Qxd7 18. Qxd7 Nxd7 19. a4 h6 20. Ra3 Rfb8 21. Kd2 b5 22. axb5 Rxb5 23. Kc2 Rab8 24. Ra2 c4 25. Rb1 Kf7 26. Ra3 Kf6 27. b3 g5 28. hxg5+ hxg5 29. Nd2 Nb6 30. Rba1 cxb3+ 31. Rxb3 Rxb3 32. Nxb3 Nc4 33. Ra2 f4 34. exf4 gxf4 35. Nd2 Nxd2 36. Kxd2 Kf5 37. Kd3 a4 38. f3 Rg8 39. c4 Ra8 40. c5 a3 41. Kc3 Ra4 42. Kb3 Rxd4 43. Rc2 Rc4 44. Rxc4 dxc4+ 45. Kxa3 Ke5 46. Kb4 Kd5 47. c6 Kxc6 48. Kxc4 e5 49. Kd3 Kd5 50. Kc3 1/2-1/2

[Event "Paracin-ch"]
[Site "Paracin"]
[Date "2017.02.02"]
[Round "3"]
[White "Spasojevic, Zoran M"]
[Black "Radojkovic, Stefan"]
[Result "0-1"]
[WhiteElo "2249"]
[BlackElo "1918"]
[PlyCount "62"]
[EventDate "2017.01.31"]
[EventType "swiss"]
[EventRounds "9"]
[EventCountry "SRB"]
[SourceTitle "CBM 176 Extra"]
[Source "ChessBase"]
[SourceDate "2017.03.02"]
[SourceVersion "1"]
[SourceVersionDate "2017.03.02"]
[SourceQuality "1"]

1. c4 Nf6 2. Nc3 e6 3. Nf3 d5 4. e3 c6 5. b3 Nbd7 6. Be2 Bd6 7. 0-0 0-0 8. Bb2 b6 9. cxd5 exd5 10. Nd4 Qc7 11. f4 Re8 12. Rc1 a6 13. Bf3 Bc5 14. Na4 Bxd4 15. Bxd4 b5 16. Nc5 Nxc5 17. Rxc5 Ne4 18. Bxe4 dxe4 19. Rg5 g6 20. Qc2 Bf5 21. Ba1 Rf8 22. Qc3 f6 23. g4 h6 24. gxf5 hxg5 25. fxg5 gxf5 26. gxf6 Kf7 27. Rxf5 Rg8+ 28. Kh1 Rg6 29. Rh5 Rag8 30. Rh7+ Ke6 31. Rg7 Qxh2+ 0-1

[Event "SRB-chT2 East CS play out"]
[Site "Kragujevac"]
[Date "2016.10.09"]
[Round "1.1"]
[White "Panic, Milan"]
[Black "Spasojevic, Zoran M"]
[Result "1/2-1/2"]
[WhiteElo "2288"]
[BlackElo "2229"]
[PlyCount "50"]
[EventDate "2016.10.09"]
[EventType "team-match"]
[EventRounds "1"]
[EventCountry "SRB"]
[SourceTitle "EXT 2021"]
[Source "ChessBase"]
[SourceDate "2020.10.23"]
[SourceVersion "1"]
[SourceVersionDate "2020.10.23"]
[SourceQuality "1"]

1. d4 d5 2. c4 e6 3. Nf3 Nf6 4. g3 Bb4+ 5. Bd2 Bxd2+ 6. Qxd2 0-0 7. Bg2 Ne4 8. Qc2 Nd7 9. 0-0 Ndf6 10. Ne5 Nd6 11. b3 c6 12. Nc3 Nd7 13. Rfd1 f6 14. Nd3 dxc4 15. bxc4 Nxc4 16. Nf4 Ndb6 17. Be4 f5 18. Bd3 Nd6 19. e4 g6 20. exf5 Nxf5 21. Bxf5 Rxf5 22. Re1 Nd5 23. Nxe6 Bxe6 24. Rxe6 Nxc3 25. Qxc3 Qd5 1/2-1/2

[Event "SRB-chT2 East CS"]
[Site "Kragujevac"]
[Date "2016.10.07"]
[Round "8.1"]
[White "Spasojevic, Zoran M"]
[Black "Livaja, Mario"]
[Result "1/2-1/2"]
[WhiteElo "2229"]
[BlackElo "2218"]
[PlyCount "51"]
[EventDate "2016.08.26"]
[EventType "team-tourn"]
[EventRounds "11"]
[EventCountry "SRB"]
[SourceTitle "EXT 2021"]
[Source "ChessBase"]
[SourceDate "2020.10.23"]
[SourceVersion "1"]
[SourceVersionDate "2020.10.23"]
[SourceQuality "1"]

1. e4 c5 2. Nf3 Nc6 3. Bb5 e6 4. 0-0 Nge7 5. d4 cxd4 6. Nxd4 a6 7. Be2 Nxd4 8. Qxd4 Nc6 9. Qe3 Be7 10. Qg3 Bf6 11. Nc3 h5 12. f4 h4 13. Qe1 Bd4+ 14. Kh1 d6 15. Bd3 b5 16. Ne2 Ba7 17. a4 b4 18. c3 Rb8 19. Bd2 Bc5 20. h3 Qb6 21. a5 Qa7 22. Ng1 bxc3 23. Bxc3 Kf8 24. Nf3 Bd7 25. Nxh4 d5 26. f5 1/2-1/2

[Event "SRB-chT2 East CS"]
[Site "Kragujevac"]
[Date "2016.10.06"]
[Round "6.1"]
[White "Spasojevic, Zoran M"]
[Black "Markovic, Marko"]
[Result "1-0"]
[WhiteElo "2229"]
[BlackElo "2226"]
[PlyCount "113"]
[EventDate "2016.08.26"]
[EventType "team-tourn"]
[EventRounds "11"]
[EventCountry "SRB"]
[SourceTitle "EXT 2021"]
[Source "ChessBase"]
[SourceDate "2020.10.23"]
[SourceVersion "1"]
[SourceVersionDate "2020.10.23"]
[SourceQuality "1"]

1. e4 d6 2. d4 Nf6 3. Nc3 e5 4. Nf3 Nbd7 5. Bc4 Be7 6. h3 0-0 7. Be3 c6 8. a4 Nxe4 9. Nxe4 d5 10. Nxe5 Nxe5 11. dxe5 dxc4 12. 0-0 Qd5 13. Qxd5 cxd5 14. Nc3 Be6 15. Rad1 Rfd8 16. f4 f5 17. Nb5 Rd7 18. Nd4 Kf7 19. Rf2 Rc8 20. c3 g6 21. Rfd2 a6 22. Kf2 Bc5 23. Ne2 Be7 24. Kf3 h6 25. Bb6 Bc5 26. Bxc5 Rxc5 27. Ke3 Ra5 28. Ra1 Rc7 29. Nd4 h5 30. Ra3 Bd7 31. Rd1 Ke7 32. Rda1 Rc8 33. Kd2 Rac5 34. h4 R8c7 35. e6 Be8 36. Re1 Ra5 37. Rea1 Rac5 38. a5 Rc8 39. Re1 Rd8 40. b4 Rcc8 41. Re5 Rb8 42. Ke3 Rd6 43. Ra1 Bc6 44. Re1 Rdd8 45. Nf3 b6 46. axb6 Rxb6 47. Ra1 Bb5 48. Nd4 Rbd6 49. Nxb5 axb5 50. Ra7+ Ke8 51. Kd4 Rb8 52. Rg7 Rbb6 53. Rxg6 Ke7 54. Rg7+ Kf6 55. Rf7+ Kg6 56. e7 Re6 57. Rf8 1-0

[Event "Belgrade-chT"]
[Site "Belgrade"]
[Date "2009.10.08"]
[Round "5"]
[White "Ravic, Nenad"]
[Black "Spasojevic, Zoran M"]
[Result "1-0"]
[WhiteElo "2283"]
[BlackElo "2248"]
[PlyCount "119"]
[EventDate "2009.10.04"]
[EventType "team-tourn"]
[EventRounds "9"]
[EventCountry "YUG"]
[SourceTitle "CBM 132 Extra"]
[Source "ChessBase"]
[SourceDate "2009.11.03"]
[SourceVersion "1"]
[SourceVersionDate "2009.11.03"]
[SourceQuality "1"]

1. e4 c5 2. Nf3 e6 3. d4 cxd4 4. Nxd4 Nc6 5. Nc3 a6 6. Be2 Qc7 7. 0-0 Nxd4 8. Qxd4 Ne7 9. Kh1 Nc6 10. Qd3 Be7 11. f4 d6 12. Qg3 0-0 13. Be3 b5 14. Bd3 Kh8 15. Rae1 b4 16. Ne2 Bf6 17. e5 dxe5 18. Qh3 e4 19. Bxe4 g6 20. Bc5 Rd8 21. Bxb4 Nxb4 22. Bxa8 Bd7 23. Be4 Bb5 24. Qb3 Qc5 25. a3 Nd5 26. Bxd5 Rxd5 27. Rg1 Rd2 28. Nc3 Bc6 29. Ne4 Bxe4 30. Rxe4 Rxc2 31. Qb4 Bxb2 32. Qxc5 Rxc5 33. a4 a5 34. g3 Rc2 35. Rd1 Rc7 36. Rd8+ Kg7 37. Re2 Bf6 38. Ra8 Rc5 39. Ra7 Kg8 40. Rd2 Rf5 41. Rc2 h5 42. Rb7 Kg7 43. Rb5 Be7 44. Rxf5 gxf5 45. Rc7 Bb4 46. Kg2 Kg6 47. Rc6 h4 48. gxh4 Be1 49. Ra6 Kh5 50. Kf3 Bc3 51. Ra7 f6 52. Rc7 Bd4 53. Rd7 e5 54. Rd5 Bc3 55. Rc5 Bb4 56. Rc6 e4+ 57. Ke3 Be7 58. Ra6 Bd8 59. Kf2 Kxh4 60. Ke3 1-0

[Event "Belgrade-chT"]
[Site "Belgrade"]
[Date "2008.10.10"]
[Round "6"]
[White "Nestorovic, Nikola"]
[Black "Spasojevic, Zoran M"]
[Result "1/2-1/2"]
[WhiteElo "2393"]
[BlackElo "2250"]
[PlyCount "73"]
[EventDate "2008.10.05"]
[EventType "team-tourn"]
[EventRounds "9"]
[EventCountry "YUG"]
[SourceTitle "CBM 126 Extra"]
[Source "ChessBase"]
[SourceDate "2008.11.05"]
[SourceVersion "1"]
[SourceVersionDate "2008.11.05"]
[SourceQuality "1"]

1. e4 c5 2. Nf3 Nc6 3. d4 cxd4 4. Nxd4 Qc7 5. Nc3 e6 6. Be3 a6 7. Qd2 Nf6 8. 0-0-0 Bb4 9. f3 d5 10. a3 Be7 11. exd5 exd5 12. g4 h6 13. h4 Be6 14. Bh3 Nxd4 15. Bxd4 0-0-0 16. Kb1 Bc5 17. Na4 Bxd4 18. Qxd4 Kb8 19. Rhe1 Rd6 20. Bf1 Rc8 21. Nc3 Rc6 22. Qe5 Qxe5 23. Rxe5 Nd7 24. Re3 Nb6 25. Rd4 Nc4 26. Bxc4 Rxc4 27. Red3 g5 28. hxg5 hxg5 29. Rd2 Rxd4 30. Rxd4 Rh8 31. Nxd5 Rh1+ 32. Ka2 Rf1 33. c4 Rxf3 34. Re4 b5 35. b3 Rf2+ 36. Kb1 Bxd5 37. cxd5 1/2-1/2

[Event "Belgrade-chT"]
[Site "Belgrade"]
[Date "2008.10.08"]
[Round "4"]
[White "Spasojevic, Zoran M"]
[Black "Tosic, Dejan"]
[Result "1-0"]
[WhiteElo "2250"]
[BlackElo "2139"]
[PlyCount "117"]
[EventDate "2008.10.05"]
[EventType "team-tourn"]
[EventRounds "9"]
[EventCountry "YUG"]
[SourceTitle "CBM 126 Extra"]
[Source "ChessBase"]
[SourceDate "2008.11.05"]
[SourceVersion "1"]
[SourceVersionDate "2008.11.05"]
[SourceQuality "1"]

1. c4 e5 2. Nc3 Bb4 3. Qc2 Nc6 4. e3 Nf6 5. Nge2 a5 6. a3 Bxc3 7. Nxc3 0-0 8. Be2 d6 9. 0-0 Re8 10. d3 Bd7 11. Bd2 Ne7 12. b4 axb4 13. axb4 c6 14. Ne4 Nxe4 15. dxe4 d5 16. Bc3 dxe4 17. Bxe5 Ng6 18. Rxa8 Qxa8 19. Bd4 Qd8 20. Ra1 Qg5 21. Ra5 b5 22. cxb5 cxb5 23. Qc5 Qxc5 24. Bxc5 Rb8 25. h3 f6 26. Ra7 Be8 27. Kf1 Ne5 28. Ke1 Nc4 29. Bg4 Rd8 30. Be6+ Kh8 31. Be7 Rb8 32. Bd5 Bg6 33. Bxc4 bxc4 34. Kd2 Be8 35. Kc3 Bb5 36. Bc5 Kg8 37. Re7 f5 38. Bd4 Ra8 39. Rxg7+ Kf8 40. Rb7 Ra3+ 41. Kb2 Rb3+ 42. Ka2 Be8 43. Ra7 h5 44. Ra3 Rxa3+ 45. Kxa3 Kf7 46. Kb2 Ke6 47. Kc2 Kd5 48. Bc3 Ke6 49. Kd2 Bd7 50. Ke2 Bc6 51. f3 Kf7 52. Kf2 exf3 53. gxf3 Ke6 54. Kg3 Kf7 55. Kf4 Ke6 56. Bd4 Bd7 57. Kg5 Bc6 58. Kxh5 Bxf3+ 59. Kg6 1-0

[Event "URS-YUG m"]
[Site "Moscow"]
[Date "2007.11.08"]
[Round "1.7"]
[White "Spasojevic, Zoran M"]
[Black "Vorotnikov, Vladislav V"]
[Result "1/2-1/2"]
[WhiteElo "2250"]
[BlackElo "2425"]
[PlyCount "43"]
[EventDate "2007.11.08"]
[EventType "team"]
[EventRounds "2"]
[EventCountry "RUS"]
[SourceTitle "EXT 2008"]
[Source "ChessBase"]
[SourceDate "2007.11.25"]
[SourceVersion "1"]
[SourceVersionDate "2007.11.25"]
[SourceQuality "1"]
[WhiteTeam "Yugoslavia"]
[BlackTeam "Soviet Union"]
[WhiteTeamCountry "YUG"]
[BlackTeamCountry "URS"]

1. e4 e5 2. Nf3 d6 3. d4 exd4 4. Nxd4 Nf6 5. Nc3 g6 6. Bg5 Bg7 7. Qd2 h6 8. Be3 Ng4 9. Bf4 Nc6 10. Nxc6 bxc6 11. h3 Ne5 12. Be3 g5 13. Be2 Qf6 14. 0-0-0 Be6 15. g3 Nf3 16. Bxf3 Qxf3 17. h4 g4 18. Bd4 0-0 19. Bxg7 Kxg7 20. Rhe1 Rfe8 21. Qf4 Qxf4+ 22. gxf4 1/2-1/2

[Event "YUG-chT2"]
[Site "Yugoslavia"]
[Date "1994.??.??"]
[Round "2"]
[White "Spasojevic, Zoran M"]
[Black "Bakic, Rados"]
[Result "1/2-1/2"]
[WhiteElo "2290"]
[BlackElo "2410"]
[PlyCount "76"]
[EventDate "1994.??.??"]
[EventType "team"]
[EventRounds "11"]
[EventCountry "YUG"]
[SourceTitle "EXT 1997"]
[Source "ChessBase"]
[SourceDate "1996.11.15"]
[SourceVersion "1"]
[SourceVersionDate "1996.11.15"]
[SourceQuality "1"]

1. c4 g6 2. Nf3 Bg7 3. g3 Nf6 4. Bg2 0-0 5. 0-0 c5 6. Nc3 Nc6 7. d3 d5 8. cxd5 Nxd5 9. Nxd5 Qxd5 10. Be3 Bd7 11. d4 cxd4 12. Nxd4 Qa5 13. Nb3 Qc7 14. Nc5 Bf5 15. Qb3 Nd4 16. Bxd4 Bxd4 17. Nxb7 Qb6 18. Rac1 Rfc8 19. e3 Bxb2 20. Rc5 Qxb3 21. axb3 Rxc5 22. Nxc5 Rc8 23. b4 Bc3 24. e4 Bg4 25. f3 Bd4+ 26. Kh1 Bxc5 27. bxc5 Be6 28. Rc1 a5 29. Bf1 a4 30. Ba6 Ra8 31. Bb7 Rb8 32. Bd5 Bxd5 33. exd5 a3 34. c6 a2 35. Ra1 Kf8 36. c7 Rc8 37. Rxa2 Rxc7 38. Kg2 Rc1 1/2-1/2

[Event "YUG-chT2"]
[Site "Yugoslavia"]
[Date "1994.??.??"]
[Round "6"]
[White "Spasojevic, Zoran M"]
[Black "Nikolic, Goran"]
[Result "1/2-1/2"]
[WhiteElo "2290"]
[BlackElo "2355"]
[PlyCount "83"]
[EventDate "1994.??.??"]
[EventType "team"]
[EventRounds "11"]
[EventCountry "YUG"]
[SourceTitle "EXT 1997"]
[Source "ChessBase"]
[SourceDate "1996.11.15"]
[SourceVersion "1"]
[SourceVersionDate "1996.11.15"]
[SourceQuality "1"]

1. c4 Nf6 2. Nc3 e6 3. g3 d5 4. Bg2 Be7 5. Nf3 0-0 6. 0-0 c6 7. d3 Nbd7 8. Qc2 dxc4 9. dxc4 e5 10. Rd1 Qc7 11. b3 Re8 12. Bb2 Bf8 13. Rac1 a5 14. Ne4 Nxe4 15. Qxe4 f6 16. Qc2 Nc5 17. Bc3 Be6 18. Nd2 Bf7 19. Nf1 Bg6 20. e4 Ne6 21. Ne3 Bc5 22. Nf5 Bh5 23. Rd3 Red8 24. Bf1 Rxd3 25. Bxd3 Rd8 26. Be2 Bxe2 27. Qxe2 Qb6 28. Kg2 Bb4 29. Bxb4 Qxb4 30. Rd1 Qb6 31. Rxd8+ Qxd8 32. c5 Kf8 33. Qc4 Qd7 34. a3 g6 35. Nd6 h5 36. Qc3 Ke7 37. b4 a4 38. h4 Nd4 39. Qe3 Qe6 40. Qh6 Qg8 41. Kh3 Nc2 42. Qc1 1/2-1/2

[Event "YUG-chT FL"]
[Site "Arandjelovac"]
[Date "1990.??.??"]
[Round "6"]
[White "Spasojevic, Zoran M"]
[Black "Vujacic, Borivoje"]
[Result "1/2-1/2"]
[WhiteElo "2305"]
[BlackElo "2330"]
[PlyCount "43"]
[EventDate "1990.??.??"]
[EventType "team"]
[EventRounds "11"]
[EventCountry "YUG"]
[SourceTitle "EXT 1997"]
[Source "ChessBase"]
[SourceDate "1996.11.15"]
[SourceVersion "1"]
[SourceVersionDate "1996.11.15"]
[SourceQuality "1"]

1. Nf3 Nf6 2. c4 e6 3. g3 d5 4. Bg2 Be7 5. 0-0 0-0 6. b3 b6 7. Bb2 Bb7 8. d4 dxc4 9. bxc4 c5 10. e3 Nc6 11. Nbd2 Rc8 12. Ne5 Qc7 13. Ng4 cxd4 14. exd4 Nxg4 15. Qxg4 Bf6 16. Ne4 Bxd4 17. Nf6+ Kh8 18. Bxd4 Nxd4 19. Qxd4 Bxg2 20. Kxg2 Qc6+ 21. Nd5 Rfd8 22. Rad1 1/2-1/2